| 000 | 00682nam a2200205Ii 4500 | ||
|---|---|---|---|
| 003 | JO-AjNU | ||
| 008 | 230605s9999||||xx |||||||||||||| ||und|| | ||
| 040 |
_aJO-AjNU _bara _erda _cJO-AjNU |
||
| 041 | _aara | ||
| 050 | 1 | 4 | _aPJ7521.B3842 2006 |
| 100 | 3 |
_aالياوي، إياد إبراهيم, _eauthor _916380 |
|
| 245 | 0 | 0 | _aمعجم ألقاب الشعراء في الجاهلية والإسلام |
| 250 | _aط1 | ||
| 264 | 3 | 1 | _aد.م: مركز الكتاب الاكاديمي، 2006 |
| 300 | _a103ص | ||
| 336 |
_atext _btxt _2rdacontent |
||
| 337 |
_aunmediated _bn _2rdamedia |
||
| 338 |
_avolume _bnc _2rdacarrier |
||
| 650 | 4 |
_aشعراء جاهليون- تراجم _916381 |
|
| 999 |
_aA4840 _c8408 _d8408 |
||